00545 2200217 4500001002100000005001500021007000300036008004100039020001800080035002000098082001000118084001600128100001500144245003800159250001000197260004800207300002100255650002100276856001400297990001600311INLIS00000000000203720240323013412ta240323 0 ind  a979-745-813-x a0010-0321000078 a910.4 a910.4 SUP n0 aSupriyanto1 aNihon Kara O Miyage /cSupriyanto acet.1 aBandung :bSinergI pustaka Indonesia,c2006 a164 hlm ;c24 cm 4akisah perjalanan aKelas 910 a00000002748